| 000 | 00783nas a2200253 4500 | ||
|---|---|---|---|
| 001 | BR9502929 | ||
| 003 | BR-BrBNA | ||
| 005 | 20231205094033.0 | ||
| 007 | ta | ||
| 008 | 230509b bl.|||p| |||| 00| 00por d | ||
| 040 |
_aBR-BrBNA _bpor _cBiblioteca Nacional de Agricultura |
||
| 041 | _a(Pt) | ||
| 072 | _aF62 | ||
| 100 | 1 | _aBianchetti, A. | |
| 100 | 1 | _aRamos, A. | |
| 245 | 1 | _aQuebra de dormencia de sementes de canafistula Peltophorum dubium (Spreng.)Taubert. Resultados preliminares | |
| 650 | _aCanafistula | ||
| 650 | _aSemente | ||
| 650 | _aQuebra da Dormencia | ||
| 650 | _aGerminacao | ||
| 773 | 0 |
_tBoletim de Pesquisa Florestal (Brazil) _xISSN 0101-1057 _g(Dec 1981), no. 3 p. 87-95 _wBR9502929 |
|
| 909 |
_a202311 _bLúcia _c55 _dLúcia Elande |
||
| 942 |
_2AGRIS _n0 _cANA |
||
| 999 |
_c141693 _d141693 |
||